Guess the random Taylor Swift Song Lyrics 53 - Statistics

General Stats
  • This quiz has been taken 17 times
  • The average score is 193 of 331
Answer Stats
Answer % Correct
I
100%
you
100%
me
93%
When
87%
when
87%
a
80%
in
80%
The
80%
the
80%
to
80%
am
73%
and
73%
And
73%
do
73%
It
73%
it
73%
my
73%
of
73%
So
73%
so
73%
You're
73%
you're
73%
all
67%
as
67%
But
67%
by
67%
like
67%
that
67%
wear
67%
can't
60%
don't
60%
I'm
60%
never
60%
no
60%
There
60%
thing
60%
think
60%
Think
60%
was
60%
ah
53%
any
53%
could
53%
Gone
53%
gonna
53%
(oh)
53%
one
53%
because
47%
black
47%
clean
47%
down
47%
dress
47%
drought
47%
Just
47%
lost
47%
over
47%
pictures
47%
still
47%
that's
47%
very
47%
war
47%
worst
47%
anymore
40%
back
40%
breathe
40%
came
40%
drownin'
40%
finally
40%
Finally
40%
forth
40%
head
40%
heard
40%
mean
40%
months
40%
mornin'
40%
Now
40%
perfect
40%
pouring
40%
punched
40%
rain
40%
Said
40%
sky
40%
stained
40%
storm
40%
trace
40%
turned
40%
wine
40%
admit
33%
away
33%
butterflies
33%
carry
33%
dust
33%
hole
33%
Hung
33%
left
33%
Let
33%
loud
33%
miss
33%
must
33%
older
33%
risk
33%
roof
33%
room
33%
screamed
33%
sober
33%
Ten
33%
water
33%
won't
33%
covered
27%
died
27%
filled
27%
flood
27%
flowers
27%
give
27%
grown
27%
lungs
27%
nothin'
27%
thirst
27%
together
27%
we'd
27%
whole
27%
No matching quizzes found
Score Distribution
Percent of People with Each Score
Percentile by Number Answered
Your Score History
You have not taken this quiz